MDQL
is popping MORE tags! Check the
thread
!
Quizzes
Events
Quiz Creation
Community
Videos
Private Events
Remove Ads
Sign In
Join for FREE
Feedback
Dark Mode
Quiz Categories
Sports
Geography
Music
Movies
Television
Just For Fun
Miscellaneous
History
Literature
Language
Science
Gaming
Entertainment
Religion
Holiday
For Kids
Quiz Lab
Recent
Popular Today
Quiz Kudos Today
Editor Picks
Curator Picks
Quizzes by...
Day
Popularity
Type
Ratings
Length
Year
Community
Subscriptions
Recent Discussions
Orange Saloon
Badges
Playlists
Quests
Create
Leaderboards
Showdown
Live 5
Trivia Bingo
Activity
Puzzle Library
Sporcle Events
Private Events
Virtual Trivia
Globe League
Become a Host
Pub Owners
SporcleCon
Opinionation
Our Games
Videos
Blog
Mobile Apps
Partnerships
Remove Ads and Go Orange
Feedback
Literature
Harry Potter
A Song of Ice and Fire
The Hunger Games
Literary Character
Shakespeare
Book
Author
Novel
Poem
Young Adult
Children's Books
Play
Lord of the Rings
Literature
Harry Potter
A Song of Ice and Fire
The Hunger Games
Literary Character
Shakespeare
Book
Author
Novel
Poem
Young Adult
Children's Books
Play
Lord of the Rings
Random Quiz
Search Sporcle
×
Quiz Lab
Quiz Lab
Literature
Novel
Type in answers that appear in a list
Type in answers that appear in a list
Classic
Best Score? Go Orange.
African American Novels Stats
Can you name the African American Novels?
By
realmadrid01
5m
24 Questions
108 Plays
108 Plays
108 Plays
Comments
Comments
Give Quiz Kudos
Give Quiz Kudos
-
- Ratings
hide this ad
Replay
Link that replays current quiz
Next Quiz
Link to next quiz in quiz playlist
You Got
0%
They Got
Avg Score
39%
Avg Friend Score
Upgrade to see
Score Distribution
Jump to the score distribution portion of the page
Score
0/24
Timer
05:00
0
Plays Today
Author/ Publication Date
% Correct
Ralph Ellison (1952)
Invisible Man
84.3%
Alice Walker (1982)
The Color Purple
82.4%
Maya Angelou (1969)
I Know Why The Caged Bird Sings
77.8%
Zora Neale Hurston (1937)
Their Eyes Were Watching God
74.1%
Toni Morrison (1987)
Beloved
72.2%
Lorraine Hansberry (1959)
A Raisin In The Sun
69.4%
Richard Wright (1940)
Native Son
66.7%
Alex Haley and Malcolm X (1964-
1965)
The Autobiography of Malcolm X
52.8%
August Wilson (1983)
Fences
49.1%
Barack Obama (2006)
The Audacity of Hope
48.1%
Booker T. Washington (1901)
Up From Slavery
43.5%
James Baldwin (1953)
Go Tell It On The Mountain
42.6%
Author/ Publication Date
% Correct
Sapphire (1996)
Push
40.7%
Octavia Butler (1979)
Kindred
31.5%
Gloria Naylor (1982)
The Women of Brewster Place
19.4%
W.E.B DuBois (1915)
The Negro
16.7%
Ernest J. Gaines (1993)
A Lesson Before Dying
13%
Walter Mosley (1990)
Devil in a Blue Dress
13%
Frederick Douglass (1845)
Narrative Of The Life Of Frederick Douglass
12%
James Weldon Johnson (1912)
The Autobiography of an Ex-Colored Man
11.1%
James McBride (1997)
The Color of Water
10.2%
Langston Hughes (1930)
Not Without Laughter
5.6%
Ishmael Reed (1972)
Mumbo Jumbo
3.7%
Julius Lester (2006)
Day of Tears
0.9%
Quiz Playlist
Details
Report
Send in Message
Add To Playlist
Classic:
Type in answers that appear in a list
Last Updated: Feb 16, 2017
Quiz Scoreboard
CHALLENGE
Sign Up to Join the Scoreboard
Show All
Scores
Hide
Comments
May contain spoilers
Recently Published
1-10 Letter E Words III
by El_Dandy
Language
2m
Street Fighter Characters
by Artimus82
Gaming
60s
College Basketball Coaching Resumes
by pancakes188
Sports
9m
More to Explore
Quiz From the Vault
Featured Blog Post
Where Did the Easter Bunny Come From?
hide this ad
You Might Also Like...
Tags
Africa Quiz
Author Quiz
Novel Quiz
African American
America
date
publication
Today's Top Quizzes in Literature
Browse Literature
hide this ad
Today's Top Quizzes in Novel
Browse Novel
Top Contributed Quizzes in Literature
1
Sneaky Slytherin Logic Puzzle
2
Get The Picture: Black or White Literature
3
5-to-1: Plays
4
One Thing in Common: Literature
5
A Court of Thorns and Roses (ACoTaR) Logic Puzzle
6
One Thing in Common: Literature II
7
One Thing in Common: Books
8
One Thing in Common: Literature 3
9
'Middle' Earth
10
One Thing in Common: Books II
Explore More
Trending Topics
Anime
Disney
Crossword
NBA
Marvel
Kpop
Harry Potter
Song
Country
Puzzle
WWE
NFL
The Office
Soccer
Pokémon
hide this ad
More By:
realmadrid01
Quiz
Plays
Rating
Category
Featured
Created
African American Novels
108
1.00
Literature
Jan 2, 2010
Freaks and Geeks Characters
72
Television
Nov 14, 2009
Go to Creator's Profile
Score Distribution
Quiz Creator Spotlight
realmadrid01
Follow
Send a Message
Quizzes Created
-
Created Quiz Play Count
-
More By This Creator
Popular Quizzes Today
1
Find the US States - No Outlines Minefield
2
Find the Countries of Europe - No Outlines Minefield
3
The Countries of the World
4
Find the US States
5
Risky Map Clicking: Biggest States A-Z
6
US States
7
Popular People in 1961
8
Movies - When Are They Set?
More Literature Quizzes
Dead or Alive? Golding's Lord of the Flies
Editor's Pick
Trending Quizzes
Risky Map Clicking: Least Populous States A-Z
1-10 Letter G Words
USA Borders Longest to Shortest
1-10 Letter F Words
Countries of the World: 200 Million BC
Recently Updated
Leaping Animals
pecheneg
Reality TV Shows (A-Z)
bhenderson79
Rickey Henderson's Hall of Fame Teammates
pecheneg
Champions League XIs: Arsenal
pecheneg
Quick Pick: Celebrities in WWE's Hall of Fame
aduchscher
A-Z Keypad Blitz II
pecheneg
Multiple Oscar Actors
pecheneg
Mystery Phrase Blitz: Oscar 'Best Actors'
pecheneg
F. Scott Fitzgerald Novels
LTH
Pick 3 Villains
ddd62291
Trending Topics
Disney
Anime
Marvel
NBA
Crossword
Harry Potter
Kpop
NFL
Country
Pokémon
Soccer
WWE
The Office
Song
Puzzle
Your Account Isn't Verified!
In order to create a playlist on Sporcle, you need to verify the email address you used during registration. Go to your
Sporcle Settings
to finish the process.
Report this User
Report this user for behavior that violates our
Community Guidelines
.
Details:
Send Report
Go to the Sporcle.com Mobile Site →
Comments